000 004620000a22001810004500
003 MACL
005 20150818153557.0
008 150818b xxu||||| |||| 00| 0 eng d
040 _aMACL
_cMACL
041 _aEnglish
082 _a576/SUB
100 _aSubramanian, G V
_96111
245 _aThe Microbes
260 _bNational Council Of Educational Research And Training
_c1974
_aNew Delhi
350 _a3.10
650 _aScience
_96112
942 _cBK
_k576
_2ddc
999 _c6851
_d6851